MARC details
| 000 -LEADER |
| fixed length control field |
01582cam a2200373 4500 |
| 001 - CONTROL NUMBER |
| control field |
X113172 |
| 008 - FIXED-LENGTH DATA ELEMENTS--GENERAL INFORMATION |
| fixed length control field |
000000n2001 000 0 eng u |
| 035 ## - SYSTEM CONTROL NUMBER |
| System control number |
(Sirsi) u113172 |
| 100 ## - MAIN ENTRY--PERSONAL NAME |
| Personal name |
Dowden, M. |
| 245 ## - TITLE STATEMENT |
| Title |
Landlord and tenant update |
| 260 ## - PUBLICATION, DISTRIBUTION, ETC. |
| Date of publication, distribution, etc. |
2001 |
| 490 ## - SERIES STATEMENT |
| Series statement |
Journal of Property Investment and Finance |
| Volume/sequential designation |
19(3) 2001, 322-329(18) |
| 520 ## - SUMMARY, ETC. |
| Summary, etc. |
Covers rent deposits, actionable interference with easements, the Landlord and Tenant (Covenants) Act 1995, and repairing obligations. Case law. |
| 650 ## - SUBJECT ADDED ENTRY--TOPICAL TERM |
| Topical term or geographic name entry element |
B&Q PLC V LIVERPOOL & LANCASHIRE PROPERTIES LTD |
| 650 ## - SUBJECT ADDED ENTRY--TOPICAL TERM |
| Topical term or geographic name entry element |
COMPANIES ACT 1985 S395 |
| 650 ## - SUBJECT ADDED ENTRY--TOPICAL TERM |
| Topical term or geographic name entry element |
DEAJAN PROPERTIES LTD V GORDON BLOOM |
| 650 ## - SUBJECT ADDED ENTRY--TOPICAL TERM |
| Topical term or geographic name entry element |
EASEMENTS |
| 650 ## - SUBJECT ADDED ENTRY--TOPICAL TERM |
| Topical term or geographic name entry element |
FORRESTER V UYCF LTD |
| 650 ## - SUBJECT ADDED ENTRY--TOPICAL TERM |
| Topical term or geographic name entry element |
HALLISEY V PETMOOR DEVELOPMENTS |
| 650 ## - SUBJECT ADDED ENTRY--TOPICAL TERM |
| Topical term or geographic name entry element |
HOLDING & BARNES PLC V HILL HOUSE HAMMOND |
| 650 ## - SUBJECT ADDED ENTRY--TOPICAL TERM |
| Topical term or geographic name entry element |
ICS V WEST BROMWICH BUILDING SOCIETY |
| 650 ## - SUBJECT ADDED ENTRY--TOPICAL TERM |
| Topical term or geographic name entry element |
LANDLORD AND TENANT (COVENANTS) ACT 1995 |
| 650 ## - SUBJECT ADDED ENTRY--TOPICAL TERM |
| Topical term or geographic name entry element |
LIVERPOOL CITY COUNCIL V IRWIN |
| 650 ## - SUBJECT ADDED ENTRY--TOPICAL TERM |
| Topical term or geographic name entry element |
MANNAI INVESTMENT CO LTD V EAGLE STAR LIFE ASSURANCE CO LTD UK |
| 650 ## - SUBJECT ADDED ENTRY--TOPICAL TERM |
| Topical term or geographic name entry element |
MOHAMMED SHAFI OBARAY (LIQUIDATOR OF GREENPORT LTD IN LQUIDATION) V GATEWAY (LONDON) LTD SUB NOM IN THE MATTER OF GREENPORT LTD (IN LIQUIDATION) |
| 650 ## - SUBJECT ADDED ENTRY--TOPICAL TERM |
| Topical term or geographic name entry element |
O'MAY V CITY OF LONDON REAL PROPERTY COMPANY LTD |
| 650 ## - SUBJECT ADDED ENTRY--TOPICAL TERM |
| Topical term or geographic name entry element |
OBARARY V GATEWAY (LONDON) LTD |
| 650 ## - SUBJECT ADDED ENTRY--TOPICAL TERM |
| Topical term or geographic name entry element |
POST OFFICE V AQUARIUS PROPERTIES LTD |
| 650 ## - SUBJECT ADDED ENTRY--TOPICAL TERM |
| Topical term or geographic name entry element |
RENT DEPOSITS |
| 650 ## - SUBJECT ADDED ENTRY--TOPICAL TERM |
| Topical term or geographic name entry element |
REPAIRING OBLIGATIONS |
| 650 ## - SUBJECT ADDED ENTRY--TOPICAL TERM |
| Topical term or geographic name entry element |
WALLIS FASHION GROUP LTD V CGU LIFE ASSURANCE LTD |
| 690 ## - LOCAL SUBJECT ADDED ENTRY--TOPICAL TERM (OCLC, RLIN) |
| Topical term or geographic name as entry element |
LANDLORD AND TENANT-CASE LAW |
| 942 ## - ADDED ENTRY ELEMENTS (KOHA) |
| Suppress in OPAC |
0 |